000
00327nam a22001337a 4500
008
170621b xxu||||| |||| 00| 0 eng d
020
_a
9780805076516
041
_a
eng
080
_a
94
100
_a
18
101
_a
SHH
245
_a
NUCLEAR TERRORISM THE ULTIMATE PREVENTABLE CATASTROPHE
_c
ALLISON.G
942
_2
udc
_c
BK
999
_c
18553
_d
18553